[Event "SVK-chT 2223"]
[Site "Slovakia"]
[Date "2023.02.25"]
[Round "7.1"]
[White "Finek, Vaclav"]
[Black "Nguyen, Piotr"]
[Result "1-0"]
[WhiteElo "2393"]
[BlackElo "2430"]
[PlyCount "99"]
[EventDate "2022.10.22"]
[EventType "team-tourn"]
[EventRounds "11"]
[EventCountry "SVK"]
[SourceTitle "EXT 2024"]
[Source "ChessBase"]
[SourceDate "2023.10.10"]
[SourceVersion "1"]
[SourceVersionDate "2023.10.10"]
[SourceQuality "1"]
[WhiteTeam "Dunajska Streda"]
[BlackTeam "Dubnica nad Vahom"]
[WhiteTeamCountry "SVK"]
[BlackTeamCountry "SVK"]

1. d4 g6 2. Nf3 Bg7 3. g3 c5 4. Bg2 cxd4 5. Nxd4 Nc6 6. Nb3 d6 7. 0-0 Be6 8. Nc3 Bxc3 9. bxc3 Qd7 10. Re1 Bh3 11. Bh1 h5 12. c4 h4 13. c5 hxg3 14. fxg3 Nf6 15. Bb2 0-0-0 16. cxd6 Qe6 17. e4 exd6 18. Nd4 Qe5 19. Nxc6 Qxb2 20. Nxa7+ Kb8 21. Nc6+ Ka8 22. Re3 Qb6 23. Nd4 Bc8 24. Rb1 Qa7 25. Rbb3 Rh5 26. Ra3 Ra5 27. Nb5 Rxa3 28. Nxa7 Rxa7 29. Qf3 Ng4 30. Ra3 Ne5 31. Rxa7+ Kxa7 32. Qf6 Rd7 33. Bg2 Ng4 34. Qd4+ b6 35. e5 Nxe5 36. Qa4+ Kb8 37. Qa8+ Kc7 38. Qa7+ Kd8 39. Qxb6+ Ke7 40. a4 Rd8 41. a5 g5 42. a6 Bxa6 43. Qxa6 g4 44. Be4 Rd7 45. Qb6 Ke6 46. Bb7 Re7 47. Bc8+ Kd5 48. Qb5+ Ke4 49. Bxg4 Nxg4 50. Qc4+ 1-0

[Event "Roquetas de Mar op 34th"]
[Site "Roquetas de Mar"]
[Date "2023.01.07"]
[Round "8"]
[White "Nguyen, Piotr"]
[Black "Jeet, Jain"]
[Result "1/2-1/2"]
[WhiteElo "2431"]
[BlackElo "2218"]
[PlyCount "91"]
[EventDate "2023.01.03"]
[EventType "swiss"]
[EventRounds "9"]
[EventCountry "ESP"]
[SourceTitle "CBM 212 Extra"]
[Source "ChessBase"]
[SourceDate "2023.03.31"]
[SourceVersion "1"]
[SourceVersionDate "2023.03.31"]
[SourceQuality "1"]

1. Nf3 d5 2. g3 c5 3. c4 dxc4 4. Na3 a6 5. Bg2 b5 6. d3 cxd3 7. Ne5 Ra7 8. exd3 e6 9. Bf4 Bb7 10. Bxb7 Rxb7 11. Nc2 g5 12. Bd2 Qd5 13. 0-0 Bg7 14. Ne3 Qd6 15. f4 gxf4 16. gxf4 Ne7 17. Qf3 Nbc6 18. Bc3 Rg8 19. Kh1 Ra7 20. a4 b4 21. N3c4 Qc7 22. Nxc6 Qxc6 23. Qxc6+ Nxc6 24. Bxg7 Rxg7 25. Nd6+ Kf8 26. f5 exf5 27. Rac1 Rd7 28. Nxf5 Rg5 29. Rxc5 Ne7 30. Nd4 Rg6 31. Rc4 a5 32. Rf4 Rd5 33. h4 h5 34. Nf3 Rxd3 35. Rxf7+ Kxf7 36. Ne5+ Kf6 37. Nxd3 Rg4 38. Rxg4 hxg4 39. Kg2 Nf5 40. Nc5 Nxh4+ 41. Kg3 Kg5 42. Ne4+ Kh5 43. Nf6+ Kg5 44. Ne4+ Kh5 45. Nf6+ Kg5 46. Ne4+ 1/2-1/2

[Event "Roquetas de Mar op 34th"]
[Site "Roquetas de Mar"]
[Date "2023.01.03"]
[Round "1"]
[White "Jimenez Fernandez, Rebeca"]
[Black "Nguyen, Piotr"]
[Result "0-1"]
[WhiteElo "2032"]
[BlackElo "2431"]
[PlyCount "56"]
[EventDate "2023.01.03"]
[EventType "swiss"]
[EventRounds "9"]
[EventCountry "ESP"]
[SourceTitle "CBM 212 Extra"]
[Source "ChessBase"]
[SourceDate "2023.03.31"]
[SourceVersion "1"]
[SourceVersionDate "2023.03.31"]
[SourceQuality "1"]

1. e4 d6 2. d4 g6 3. Nc3 Bg7 4. Bf4 c6 5. Qd2 e5 6. dxe5 dxe5 7. Qxd8+ Kxd8 8. 0-0-0+ Ke7 9. Bg3 Be6 10. Nf3 f6 11. Nd2 b5 12. f3 Nd7 13. Bf2 f5 14. exf5 gxf5 15. Nb3 Ngf6 16. Bd3 Kf7 17. Rhe1 Bf8 18. Bg3 f4 19. Bh4 Rg8 20. Re2 a5 21. a4 Bb4 22. axb5 a4 23. Na1 a3 24. Ne4 axb2+ 25. Kxb2 Ra2+ 26. Kb1 Nxe4 27. Rxe4 Bc3 28. Nb3 Rga8 0-1

[Event "Warsaw Szansa op"]
[Site "Warsaw"]
[Date "2022.09.18"]
[Round "9"]
[White "Nguyen, Piotr"]
[Black "Kowalski, Igor"]
[Result "1/2-1/2"]
[WhiteElo "2421"]
[BlackElo "2344"]
[PlyCount "106"]
[EventDate "2022.09.17"]
[EventType "swiss (rapid)"]
[EventRounds "11"]
[EventCountry "POL"]
[SourceTitle "EXT 2023"]
[Source "ChessBase"]
[SourceDate "2022.10.05"]
[SourceVersion "1"]
[SourceVersionDate "2022.10.05"]
[SourceQuality "1"]

1. c4 c6 2. Nf3 d5 3. g3 g6 4. Bg2 Bg7 5. Qa4 dxc4 6. Qxc4 e5 7. Nc3 Ne7 8. d3 0-0 9. 0-0 Be6 10. Qh4 Nf5 11. Qxd8 Rxd8 12. Ng5 Bc8 13. b4 Nd4 14. Nge4 Bg4 15. f3 Be6 16. Bg5 Rf8 17. Nf6+ Kh8 18. Nfe4 Nd7 19. Nd6 Rab8 20. Rfc1 f6 21. Bd2 Rfd8 22. Kf1 Bf8 23. Nde4 Bxb4 24. e3 Nf5 25. Ke2 Kg7 26. Rab1 Ba3 27. Rc2 Nb6 28. g4 Ne7 29. Be1 f5 30. gxf5 gxf5 31. Ng5 Bg8 32. Bg3 Ng6 33. h4 f4 34. exf4 Nxf4+ 35. Bxf4 exf4 36. Bh3 Nd5 37. Rg1 Kh8 38. Nxd5 Bxd5 39. Bf5 Re8+ 40. Be4 Re7 41. Rg4 Bd6 42. Rc1 Bxa2 43. Ra1 Bg8 44. Rxa7 Bc5 45. Ra1 h6 46. Nh3 Be6 47. Nxf4 Bxg4 48. Ng6+ Kg7 49. Nxe7 Bxe7 50. Rg1 h5 51. fxg4 Bc5 52. Rg2 hxg4 53. Rxg4+ Kf6 1/2-1/2

[Event "Warsaw Szansa op"]
[Site "Warsaw"]
[Date "2022.09.17"]
[Round "2"]
[White "Hryszkiewicz, Michal"]
[Black "Nguyen, Piotr"]
[Result "0-1"]
[WhiteElo "1815"]
[BlackElo "2421"]
[PlyCount "59"]
[EventDate "2022.09.17"]
[EventType "swiss (rapid)"]
[EventRounds "11"]
[EventCountry "POL"]
[SourceTitle "EXT 2023"]
[Source "ChessBase"]
[SourceDate "2022.10.05"]
[SourceVersion "1"]
[SourceVersionDate "2022.10.05"]
[SourceQuality "1"]

1. d4 d6 2. Bf4 g6 3. Nc3 Bg7 4. Qd2 e5 5. dxe5 dxe5 6. Qxd8+ Kxd8 7. 0-0-0+ Nd7 8. Bg3 c6 9. f3 Kc7 10. Ne4 Nb6 11. Nd6 Be6 12. Nh3 Ne7 13. Ng5 Bh6 14. Bxe5 Bxg5+ 15. f4 Nd7 16. Nb5+ Kb6 17. Bc7+ Kxb5 18. e3+ Kc5 19. b4+ Kxb4 20. Bd6+ Ka5 21. Bc7+ Nb6 22. Rd3 Bf6 23. Ra3+ Kb4 24. Bd6+ c5 25. Rd3 Rac8 26. e4 Rhd8 27. e5 Nf5 28. Be2 Nxd6 29. exd6 c4 30. Bf1 0-1

[Event "POL-chT Ekstraliga"]
[Site "Bydgoszcz"]
[Date "2022.09.09"]
[Round "7.5"]
[White "Nguyen, Piotr"]
[Black "Bernadskiy, Vitaliy"]
[Result "0-1"]
[WhiteElo "2421"]
[BlackElo "2558"]
[PlyCount "54"]
[EventDate "2022.09.03"]
[EventType "team-tourn"]
[EventRounds "9"]
[EventCountry "POL"]
[SourceTitle "CBM 210 Extra"]
[Source "ChessBase"]
[SourceDate "2022.11.30"]
[SourceVersion "1"]
[SourceVersionDate "2022.11.30"]
[SourceQuality "1"]
[WhiteTeam "Krakow Dwie Wieze"]
[BlackTeam "Pegow Wieza"]
[WhiteTeamCountry "POL"]
[BlackTeamCountry "POL"]

1. e4 c5 2. Nc3 e6 3. Nge2 Nc6 4. g3 d5 5. exd5 exd5 6. d4 Bg4 7. Bg2 Nxd4 8. h3 Bf3 9. Kf1 Qf6 10. Qd3 Bxg2+ 11. Kxg2 Nxe2 12. Qxe2+ Ne7 13. Re1 Qc6 14. Qh5 Rd8 15. Bg5 d4+ 16. Ne4 Rd5 17. Qf3 h6 18. Bf4 Kd8 19. c3 f5 20. Nd2 dxc3 21. bxc3 g5 22. Be3 Bg7 23. Kg1 Bxc3 24. Bxg5 hxg5 25. Qxc3 Rxh3 26. Qg7 Rd7 27. f3 Qd6 0-1

[Event "POL-chT Ekstraliga"]
[Site "Bydgoszcz"]
[Date "2022.09.05"]
[Round "3.3"]
[White "Nguyen, Piotr"]
[Black "Van Foreest, Lucas"]
[Result "1/2-1/2"]
[WhiteElo "2421"]
[BlackElo "2589"]
[PlyCount "78"]
[EventDate "2022.09.03"]
[EventType "team-tourn"]
[EventRounds "9"]
[EventCountry "POL"]
[SourceTitle "CBM 210 Extra"]
[Source "ChessBase"]
[SourceDate "2022.11.30"]
[SourceVersion "1"]
[SourceVersionDate "2022.11.30"]
[SourceQuality "1"]
[WhiteTeam "Krakow Dwie Wieze"]
[BlackTeam "Plock Hetman"]
[WhiteTeamCountry "POL"]
[BlackTeamCountry "POL"]

1. Nf3 d5 2. g3 b6 3. Bg2 Bb7 4. 0-0 e6 5. d4 Nd7 6. c4 dxc4 7. Qc2 Ngf6 8. Qxc4 c5 9. Nc3 a6 10. dxc5 b5 11. Qh4 Bxc5 12. Bg5 h6 13. Rac1 0-0 14. Bxf6 Nxf6 15. Ne5 Bxg2 16. Kxg2 Rc8 17. Rfd1 Qb6 18. Ne4 Qb7 19. f3 Be7 20. Rxc8 Qxc8 21. Nxf6+ Bxf6 22. Qe4 Re8 23. h4 Qc7 24. Nd3 Qc4 25. a4 Rb8 26. Ra1 a5 27. h5 Rd8 28. axb5 Qxb5 29. g4 Qb6 30. Rc1 Qb8 31. Rc5 Qb6 32. Qc6 Qb3 33. Rxa5 Qd1 34. Qe4 Bd4 35. Ra8 Qg1+ 36. Kh3 Qh1+ 37. Kg3 Qg1+ 38. Kh3 Qh1+ 39. Kg3 Qg1+ 1/2-1/2

[Event "Mirandela op 3rd"]
[Site "Mirandela"]
[Date "2022.08.23"]
[Round "9"]
[White "Nguyen, Piotr"]
[Black "Panesar, Vedant"]
[Result "1-0"]
[WhiteElo "2424"]
[BlackElo "2318"]
[PlyCount "115"]
[EventDate "2022.08.17"]
[EventType "swiss"]
[EventRounds "9"]
[EventCountry "POR"]
[SourceTitle "CBM 209 Extra"]
[Source "ChessBase"]
[SourceDate "2022.09.30"]
[SourceVersion "1"]
[SourceVersionDate "2022.09.30"]
[SourceQuality "1"]

1. e4 e5 2. Nf3 Nc6 3. Bc4 Bc5 4. c3 Nf6 5. d3 d6 6. h3 a6 7. Bb3 Ba7 8. Nbd2 0-0 9. Qe2 d5 10. Nf1 h6 11. g4 dxe4 12. dxe4 Nh7 13. g5 hxg5 14. Rg1 g4 15. hxg4 Qd6 16. Nh4 Be6 17. Nf5 Qd7 18. Be3 Rfd8 19. Rh1 Qd3 20. Bxa7 Rxa7 21. Qxd3 Rxd3 22. N1e3 Rd7 23. Nd5 Bxd5 24. Bxd5 Nd8 25. 0-0-0 Nf8 26. g5 c6 27. Bb3 g6 28. Nh6+ Kg7 29. Ng4 Rxd1+ 30. Rxd1 Nde6 31. Bxe6 Nxe6 32. Nxe5 Nxg5 33. Rd7 Ra8 34. Rxb7 Re8 35. f4 Nxe4 36. Rxf7+ Kg8 37. Ra7 g5 38. Nxc6 g4 39. Nd4 g3 40. Rxa6 Kh7 41. Nf5 Nc5 42. Rh6+ Kg8 43. Rg6+ Kf7 44. Rxg3 Re2 45. Nd4 Rh2 46. Re3 Kf6 47. Re2 Rh1+ 48. Kc2 Rf1 49. f5 Nd7 50. Re6+ Kf7 51. b4 Nf6 52. a4 Nd5 53. Re5 Nf4 54. a5 Rf2+ 55. Kb3 Nd3 56. Re3 Rb2+ 57. Ka3 Rd2 58. Nf3 1-0

[Event "Mirandela op 3rd"]
[Site "Mirandela"]
[Date "2022.08.21"]
[Round "7"]
[White "Alboredo, Julia"]
[Black "Nguyen, Piotr"]
[Result "0-1"]
[WhiteElo "2290"]
[BlackElo "2424"]
[PlyCount "76"]
[EventDate "2022.08.17"]
[EventType "swiss"]
[EventRounds "9"]
[EventCountry "POR"]
[SourceTitle "CBM 209 Extra"]
[Source "ChessBase"]
[SourceDate "2022.09.30"]
[SourceVersion "1"]
[SourceVersionDate "2022.09.30"]
[SourceQuality "1"]

1. e4 c5 2. Nf3 a6 3. c4 Nc6 4. d4 cxd4 5. Nxd4 e5 6. Nb3 Nf6 7. Nc3 Bb4 8. Qd3 d6 9. Be2 Be6 10. 0-0 Bxc3 11. bxc3 Na5 12. Nxa5 Qxa5 13. Qg3 Nxe4 14. Qxg7 0-0-0 15. Bg4 f5 16. Rb1 Qc7 17. Qh6 Bd7 18. Bf3 Bc6 19. Be3 Rdg8 20. Qe6+ Qd7 21. Qxd7+ Kxd7 22. Rb3 f4 23. Bc1 Nc5 24. Bxc6+ Kxc6 25. Rb1 f3 26. g3 Rg4 27. Be3 Rxc4 28. Rfc1 b5 29. h4 d5 30. Kh2 Ne4 31. Rb4 a5 32. Rxc4+ bxc4 33. g4 Rd8 34. g5 Kb5 35. Rb1+ Ka4 36. Re1 Nxc3 37. Bb6 Re8 38. h5 Ne4 0-1

[Event "Mirandela op 3rd"]
[Site "Mirandela"]
[Date "2022.08.20"]
[Round "5"]
[White "Levin, Guy"]
[Black "Nguyen, Piotr"]
[Result "1/2-1/2"]
[WhiteElo "2352"]
[BlackElo "2424"]
[PlyCount "70"]
[EventDate "2022.08.17"]
[EventType "swiss"]
[EventRounds "9"]
[EventCountry "POR"]
[SourceTitle "CBM 209 Extra"]
[Source "ChessBase"]
[SourceDate "2022.09.30"]
[SourceVersion "1"]
[SourceVersionDate "2022.09.30"]
[SourceQuality "1"]

1. c4 c5 2. Nf3 g6 3. g3 Bg7 4. Bg2 Nc6 5. Nc3 d6 6. 0-0 Bf5 7. h3 e5 8. d3 Nge7 9. a3 0-0 10. Rb1 a5 11. Ne1 Be6 12. Nc2 d5 13. cxd5 Nxd5 14. Ne3 Nde7 15. Nc4 Rb8 16. Qa4 Nd4 17. e3 b5 18. Qxa5 bxc4 19. Qxd8 Rfxd8 20. exd4 cxd4 21. Ne4 cxd3 22. Bg5 Kf8 23. Nc5 Ba2 24. Ra1 Bd5 25. b4 h6 26. Bxe7+ Kxe7 27. f4 f5 28. fxe5 Bxe5 29. Bxd5 Rxd5 30. Kg2 d2 31. Rad1 Ra8 32. Rf3 Bd6 33. Nd3 f4 34. Nxf4 Bxf4 35. Rxf4 Rxa3 1/2-1/2

[Event "Mirandela op 3rd"]
[Site "Mirandela"]
[Date "2022.08.18"]
[Round "3"]
[White "Diaz Del Valle, Laura Beatriz"]
[Black "Nguyen, Piotr"]
[Result "0-1"]
[WhiteElo "2028"]
[BlackElo "2424"]
[PlyCount "50"]
[EventDate "2022.08.17"]
[EventType "swiss"]
[EventRounds "9"]
[EventCountry "POR"]
[SourceTitle "CBM 209 Extra"]
[Source "ChessBase"]
[SourceDate "2022.09.30"]
[SourceVersion "1"]
[SourceVersionDate "2022.09.30"]
[SourceQuality "1"]

1. d4 Nf6 2. c4 g6 3. Nc3 Bg7 4. e4 d6 5. Nge2 0-0 6. Ng3 h5 7. h4 Nc6 8. Be2 a6 9. f3 e5 10. d5 Nd4 11. Be3 c5 12. dxc6 bxc6 13. Bxd4 exd4 14. Qxd4 Nd5 15. Qd2 Nxc3 16. bxc3 Be6 17. Nf1 Qa5 18. Rc1 Rad8 19. g3 Rfe8 20. Ne3 d5 21. cxd5 cxd5 22. e5 Bxe5 23. f4 Bg7 24. f5 gxf5 25. Bxh5 f4 0-1

[Event "Warsaw Chess op-A"]
[Site "Warsaw"]
[Date "2022.07.22"]
[Round "5"]
[White "Janik, Igor"]
[Black "Nguyen, Piotr"]
[Result "1-0"]
[WhiteElo "2519"]
[BlackElo "2404"]
[PlyCount "41"]
[EventDate "2022.07.18"]
[EventType "swiss"]
[EventRounds "9"]
[EventCountry "POL"]
[SourceTitle "CBM 209 Extra"]
[Source "ChessBase"]
[SourceDate "2022.09.30"]
[SourceVersion "1"]
[SourceVersionDate "2022.09.30"]
[SourceQuality "1"]

1. d4 Nf6 2. c4 g6 3. Nc3 Bg7 4. Nf3 0-0 5. g3 d6 6. Bg2 Nc6 7. 0-0 e5 8. dxe5 dxe5 9. Bg5 h6 10. Qxd8 Rxd8 11. Bxf6 Bxf6 12. Nd5 Kg7 13. Nxc7 Rb8 14. e4 Be7 15. Nd5 Bc5 16. Ne1 a5 17. Nd3 Bd4 18. Rac1 Be6 19. b3 b5 20. cxb5 Bxd5 21. bxc6 1-0

[Event "Warsaw Chess op-A"]
[Site "Warsaw"]
[Date "2022.07.21"]
[Round "4"]
[White "Jarmula, Lukasz"]
[Black "Nguyen, Piotr"]
[Result "0-1"]
[WhiteElo "2452"]
[BlackElo "2404"]
[PlyCount "62"]
[EventDate "2022.07.18"]
[EventType "swiss"]
[EventRounds "9"]
[EventCountry "POL"]
[SourceTitle "CBM 209 Extra"]
[Source "ChessBase"]
[SourceDate "2022.09.30"]
[SourceVersion "1"]
[SourceVersionDate "2022.09.30"]
[SourceQuality "1"]

1. d4 Nf6 2. Nf3 g6 3. Bf4 Bg7 4. c3 0-0 5. Nbd2 d6 6. e4 Nbd7 7. Be2 Qe8 8. h3 e5 9. dxe5 dxe5 10. Be3 b6 11. 0-0 Bb7 12. Qc2 Nh5 13. Rfe1 f5 14. exf5 gxf5 15. Bb5 a6 16. Bc4+ Kh8 17. g4 fxg4 18. Ng5 Nhf6 19. hxg4 e4 20. f3 Ne5 21. Bb3 Rd8 22. Bd4 Qg6 23. Be3 Bh6 24. f4 Nfxg4 25. Nc4 Bxg5 26. Nxe5 Nxe5 27. fxg5 Nf3+ 28. Kg2 Qh5 29. Bg1 Qxg5+ 30. Kh1 Qh4+ 31. Bh2 Nxe1 0-1

[Event "Warsaw Maciei Memorial"]
[Site "Warsaw"]
[Date "2022.07.08"]
[Round "4"]
[White "Kosakowski, Jakub"]
[Black "Nguyen, Piotr"]
[Result "1-0"]
[WhiteElo "2436"]
[BlackElo "2404"]
[PlyCount "51"]
[EventDate "2022.07.08"]
[EventType "swiss (blitz)"]
[EventRounds "11"]
[EventCountry "POL"]
[SourceTitle "CBM 209 Extra"]
[Source "ChessBase"]
[SourceDate "2022.09.30"]
[SourceVersion "1"]
[SourceVersionDate "2022.09.30"]
[SourceQuality "1"]

1. e4 c5 2. Nf3 g6 3. c3 d5 4. exd5 Qxd5 5. d4 Bg7 6. Na3 cxd4 7. Nb5 Na6 8. Nbxd4 Nf6 9. Bb5+ Bd7 10. Bxa6 bxa6 11. 0-0 0-0 12. Re1 e6 13. Ne5 Bc8 14. c4 Qc5 15. Ndc6 Re8 16. Be3 Qf8 17. b4 Kh8 18. Bc5 Qg8 19. Ne7 Rxe7 20. Bxe7 Bb7 21. Qd4 h5 22. Nxg6+ fxg6 23. Bxf6 Rc8 24. Bxg7+ Qxg7 25. Qxg7+ Kxg7 26. Rxe6 1-0